Normal view
MARC view
Entry Personal Name
001 - CONTROL NUMBER
- control field: 1239558
003 - CONTROL NUMBER IDENTIFIER
- control field: OSt
005 - DATE AND TIME OF LATEST TRANSACTION
- control field: 20260514122545.0
008 - FIXED-LENGTH DATA ELEMENTS
- fixed length control field: 260514|| aca||aabn | a|a d
040 ## - CATALOGING SOURCE
- Original cataloging agency: OSt
- Transcribing agency: OSt
100 ## - HEADING--PERSONAL NAME
- Personal name: Dr.Om Prakash
670 ## - SOURCE DATA FOUND
- Source citation: Work cat.: (OSt)1851492: Dr.Sangeeta 1239557, Effect of Steep Meridian Incision in Patients with < 1.0 Diopter Corneal Astigmatism after Phacoemulsification Cataract Surgery.
